| 000 | 00993nam a2200241 a 4500 | ||
|---|---|---|---|
| 001 | 86073 | ||
| 003 | BD-RjUL | ||
| 005 | 20260127111123.0 | ||
| 008 | 260107s2016 bg ||||| |||| 00| 0 ben d | ||
| 020 |
_a9789849148227 : _cTk. 250.00 |
||
| 035 | _a(BD-RjUL) | ||
| 040 |
_aBD-RjUL _bben _cBD-RjUL |
||
| 041 | _aben | ||
| 082 |
_223 _a891.4409 _bBDE 2026 |
||
| 100 | _aউমর, বদরুদ্দীন | ||
| 245 |
_aঈশ্বরচন্দ্র বিদ্যাসাগর ও ঊনিশ শতকের বাঙালি সমাজ / _bবদরুদ্দীন উমর |
||
| 260 |
_aঢাকা : _bসুববর্ণ প্রকাশ, _c২০১৬ |
||
| 300 |
_b১২৮পৃ.; _g২১সেমি |
||
| 500 | _aতথ্যনির্দেশিকা সংযুক্ত | ||
| 650 |
_aবাংলা সাহিত্য _xইতিহাস ও সমালোচনা |
||
| 650 |
_aBengali literature _vHistory and criticism |
||
| 942 |
_2ddc _cBK |
||
| 999 |
_c86073 _d86073 |
||